1540 1184 1191 1592 1994 1335 1307 1643 1405 1749 1353 1309 1128 1113 1167 1039 1671 1552 1375 1757 1099 1685 1524 1710 1030 1259 1167 1307 1626 1799 1803 1501 1060 1336 1197 1806 1184 1703 1819 1637 1872 1234 1465 1335 1961 1886 1972 1237 1440 1469 1666 1934 1766 1558 1049 1434 1091 1961 1209 1648 1430 1934 1920 1434 1746 1997 1177 1261 1567 1527 1014 1537 1629 1662 1793 1008 1844 1624 1114 1123 1961 1271 1050 1080 1351 1233 1568 1471 1267 1034 1443 1283 1986 1051 1965 1960 1294 1062 1763 BCNSPRNW ULIB Ver.6.0+V

เปลี่ยนเป็นภาษาไทย

Change to English
 แสดงรายละเอียดบรรณานุกรม
  กลับหน้าหลัก

Brief Record : Get Marc (ISO 2709) : E-mail record : QR code < ปิดหน้าต่าง
LEADER : 00000nam 2200000uu 4500
001    13399127486
003     ULIB
008    200617s2562||||th 000 0 tha d
020 ^- ^a9786161830823
060 ^- ^aWM172.4^bป46B
100 0^ aประเสริฐ ผลิตผลการพิมพ์,
245 10 ^aBurn-out syndrome ภาวะหมดไฟในการทำงาน /^cประเสริฐ ผลิตผลการพิมพ์.
250 ^- ^aพิมพ์ครั้ง1
260 ^- ^aกรุงเทพฯ :^bอมรินทร์เฮลท์,^c2562
300 ^- ^a137 หน้า :^bภาพสีประกอบ.
650 ^4 ^aภาวะเหนื่อยล้าในการทำงาน.
653 ^- ^aBurnout syndrome
945    ^p195^l0^i28392
999    ^aกัณชพร จุลอักษร
รายการนี้ยังไม่มีแท็ก
คุณยังไม่ได้ล็อกอิน คุณสามารถมีกิจกรรมร่วมกับเว็บไซต์ได้ แต่ต้องล็อกอินก่อน ::
  ล็อกอิน

รายการสื่อสารสนเทศ

ลำดับที่ ประเภท เลขเรียก/บาร์โค้ด สถานที่ สถานะ
1. หนังสือสำรอง
หนังสือสำรอง
WM172.4 ป46B ฉ.1 
  Barcode: 28392
ห้องสมุดวิทยาเขตนครสวรรค์
►หนังสือทั่วไป:l:General Books
บนชั้น

รายการใกล้เคียง
    หัวเรื่อง [ภาวะเหนื่อยล้าในการทำงาน.]

BibComment


ยังไม่เคยถูกคอมเมนท์

คอมเมนท์ทรัพยากรรายการนี้
  คอมเมนท์: Burnout syndrome..


 Copyright 2026. Bcnsprnw @Library